000 00235nam a2200097Ia 4500
008 200302s9999 xx 000 0 und d
100 _aJordi Vigue
245 _aClassical Furniture
260 _bArco Editotial Publisher
300 _a208 P.,
999 _c987
_d987